000 00671nam a2200181 i 4500
001 65027
003 ES-MaACL
005 20230906165301.0
007 t|
008 040108s1929 xxk ||||1| eng d
100 1 _aFrank, Robert T.
_952313
245 1 4 _aThe female sex hormone
_b: . I: Biology pharmacology and chemistri. II: Clinical investigations based on the female sex hormone blood test /
_cby Robert T. Frank.
260 _aLondon :
_bBailliere Tindall & C.,
_c1929.
300 _a321 p. ;
_c25 cm.
740 2 _aBiology pharmacology and chemistry.
740 0 _aClinical investigations based on the female sex hormone blood test.
852 _aES-MaACL
_jE-1054
999 _c65027
_d65027